| 000 | 00948cam a2200253 a 4500 | ||
|---|---|---|---|
| 001 | 000007499 | ||
| 003 | DO-SdBNP | ||
| 005 | 20250318111948.0 | ||
| 008 | 750313s1968 sp 000 0 spa | ||
| 040 |
_aDO-SdBNP _bspa _cDLC _dBNPHU |
||
| 049 | _aBNGR | ||
| 082 |
_a972.902 _bR936r |
||
| 100 | 1 |
_aRumeu de Armas, Antonio, _d1912-2006. _920824 |
|
| 245 | 1 | 3 |
_aLa Rábida y el descubrimiento de América : _bColón, Marchena, y fray Juan Pérez / _cAntonio Rumeu de Armas. |
| 260 |
_aMadrid, España : _bEdiciones Cultura Hispánica, _c1968. |
||
| 300 |
_a180 p. : _bfacsims. ; _c22 cm. |
||
| 500 | _a"Documentos": p. [151]-176. | ||
| 600 | 0 |
_aCOLÓN, CRISTOBAL, _d1436-1456 _919795 |
|
| 651 | 0 |
_aAmérica -- _xDescubrimiento y exploración -- _xEspañoles _9544 _vEnsayo, conferencias, etc. |
|
| 651 | 4 |
_aAmérica _xGeografía _xHistoria _920825 |
|
| 700 | 1 |
_aPérez, Juan, _cFray _920826 |
|
| 910 | _aCatalogación por copia / LC | ||
| 942 |
_2ddc _cLBS1 |
||
| 999 |
_c7280 _d7280 |
||